000 00500nam a2200205Ia 4500
003 OSt
005 20230510090119.0
008 210423s1989 xx 000 0 und d
040 _cAL
041 _aeng
082 _a658
_223
_bMITP
100 _aMITTAL (A K);AGARWAL (S B).
_9101815
245 _aPrinciples of management.
250 _a2
260 _aMeerut
_bSanjeeva Prakashan
_c1989
300 _av,26
_bPB
365 _b75
_cINR
906 _amanagement. ; Principles
942 _2ddc
_cBK
999 _c171713
_d171713